000 00525nam a2200193Ia 4500
005 20250923144828.0
008 008 250917s9999 xx 000 0 eng d
037 _aTextual
040 _aDSWL
_beng
_cDSWL
041 _aeng
_2eng
084 _aQ6:6h2:M36z7, G8
_qDSWL
245 0 _aAfter one hundred years : 1836-1936
260 _aBanglore
_bSeriptureLiterature Pre
_c1930
300 _a1799p.
365 _aINR
_b5
925 _g5
942 _cTEXL
_hQ6:6h2:M36z7, G8
999 _c1443881
_d1443881